| 000 | 00986nac a22002531u 4500 | ||
|---|---|---|---|
| 020 | _a0521567025 | ||
| 082 |
_a671.52 _bDAV |
||
| 090 |
_c6668 _d6668 |
||
| 100 | _aDavies, A. C. | ||
| 245 |
_aWelding / _cA.C. Davies. |
||
| 250 | _a10th ed. | ||
| 260 |
_aCambridge : _bCambridge University Press,1996 _c1996. |
||
| 300 |
_axiv,896p. : _bill. ; _c22cm. |
||
| 490 | _aCambridge low price editions | ||
| 500 | _aOriginally published: in 2 v. as The science and practice of welding. 1992. Previous ed.: 1989. | ||
| 500 | _aOriginally published: in 2 v. as The science and practice of welding. 1992. Previous ed.: 1989. | ||
| 500 | _aDonations | ||
| 500 | _aDonations - Dr. Mostafa Gouda | ||
| 500 | _adistributer: Al-Ahram | ||
| 511 | _acatalogued by: wessam | ||
| 650 | _aWelding. | ||
| 942 |
_cNB _k671.52DAV |
||
| 999 |
_c6668 _d6668 |
||